000 00464nam a22001697a 4500
999 _c5011
_d5011
003 AR-CdUCM
008 190311b ||||| |||| 00| 0 spa d
040 _aMUNICIPALIDAD PROVINCIAL DEL CUSCO
_cBIBLIOTECA MUNICIPAL DEL CUSCO
082 _a869.56 /
_bT28
245 _aTebaida /
260 _aChile :
_c1969.
300 _a25 páginas ;
_c26 cm.
500 _aDonación familia Nieto
650 _aLiteratura chilena
_92985
942 _2ddc
_cLIBROS
945 _aafb